Τάνχωυζερ και ο αγώνας τραγουδιστών στο Βάρτμπουργκ : μεγάλη ρομαντική όπερα σε τρεις πράξεις: παρισινή εκδοχή, 1861 : Ρίχαρντ Βάγκνερ [1813-1883] = Tannhauser und der sangerkrieg auf Wartburg : grobe romantische oper in tree acts, Paris version, 1861 : Richard Wagner [1813-1883]

Αποθηκεύτηκε σε:
Λεπτομέρειες βιβλιογραφικής εγγραφής
Κύριος συγγραφέας: Wagner, Richard, 1813-1883
Άλλοι συγγραφείς: Παπαθανασίου, Φώτης (Μεταφραστής), Κώτση, Αντωνέτα (Επιμελητής έκδοσης)
Μορφή: Βιβλίο
Γλώσσα:Greek
German
Δημοσίευση: [Αθήνα] : Εθνική Λυρική Σκηνή, 2008/9.
Θέματα:
Ετικέτες: Προσθήκη ετικέτας
Δεν υπάρχουν, Καταχωρήστε ετικέτα πρώτοι!

MARC

LEADER 00000cam a2200000 i 4500
001 1/49341
008 140613s2009####gr | | ||| |||| ||gre||
020 |a 9789609854955  
035 |l 10117978 
040 |a GR-MY-UA  |b gre  |e aacr 
041 0 |a gre  |a ger 
082 0 |a 782.10268   |2 (23)  
100 1 |a Wagner, Richard,   |d 1813-1883. 
245 1 0 |a Τάνχωυζερ και ο αγώνας τραγουδιστών στο Βάρτμπουργκ :   |b μεγάλη ρομαντική όπερα σε τρεις πράξεις: παρισινή εκδοχή, 1861 : Ρίχαρντ Βάγκνερ [1813-1883] = Tannhauser und der sangerkrieg auf Wartburg : grobe romantische oper in tree acts, Paris version, 1861 : Richard Wagner [1813-1883] /   |c [ποιητικό κείμενο] Ρίχαρντ Βάγκνερ ; μετάφραση ποιητικού κειμένου Φώτης Παπαθανασίου ; [επιμέλεια κειμένων Αντωνέτα Κώτση].  
246 1 |i Παράλληλος τίτλος:   |a Tannhauser und der sangerkrieg auf Wartburg :   |b grobe romantische oper in tree acts, Pariser fassung, 1861; Richard Wagner [1813-1883]  
260 |a [Αθήνα] :   |b Εθνική Λυρική Σκηνή,   |c 2008/9.  
300 |a 80 σ. :   |b εικ. ;   |c 20 εκ.  
500 |a Αριθμός έκδοσης 18.  
600 1 0 |a Wagner, Richard,   |d 1813-1883. 
650 0 0 |a Operas  |x Librettos. 
650 0 0 |a Operas  |x Stories, plots, etc. 
700 1 |a Παπαθανασίου, Φώτης.  |4 trl 
700 1 |a Κώτση, Αντωνέτα.  |4 edt 
852 |a INST  |b LESVOS  |e 20140613  |h 782.10268 WAG  |p 005100054384  |q 005100054384  |t BK  |y 0 
901 |a BIBL1-2014-2 
909 |a Λ  |b 189785 
970 |a ΤΖΑΦΕΡΗ  |b ΕΥΑΓΓΕΛΙΑ  |z 2014/06/14